[Event "LSS No Engine Cup 224 Preliminary 0"]
[Site "LSS email"]
[Date "2022.01.08"]
[Round "?"]
[White "Vieth, Martin"]
[Black "Andreoni, Mario"]
[Result "0-1"]
[WhiteElo "1487"]
[BlackElo "1600"]
[PlyCount "44"]
[EventDate "2022.01.08"]
[EventType "tourn (corr)"]
[EventRounds "6"]
[EventCountry "GER"]
[SourceTitle "Corr 2024"]
[Source "ChessBase"]
[SourceDate "2023.10.19"]
[SourceVersion "1"]
[SourceVersionDate "2023.10.19"]
[SourceQuality "1"]

1. e4 e5 2. Nf3 Nc6 3. Bb5 Nd4 4. Nxd4 exd4 5. 0-0 Bc5 6. Qg4 Qf6 7. d3 c6 8. Ba4 d6 9. Qg5 Qxg5 10. Bxg5 a5 11. Bb3 a4 12. Bc4 b5 13. Bd5 cxd5 14. exd5 f6 15. Bf4 Ne7 16. Re1 Kf7 17. Nd2 Nxd5 18. Bg3 Bf5 19. Ne4 Bxe4 20. Rxe4 f5 21. Re2 Rhe8 22. Rae1 h6 0-1

[Event "LSS No Engine Cup 209 Preliminary 0"]
[Site "LSS email"]
[Date "2020.10.24"]
[Round "?"]
[White "Vieth, Martin"]
[Black "Prokopets, Vasilij"]
[Result "0-1"]
[WhiteElo "1600"]
[BlackElo "1643"]
[PlyCount "56"]
[EventDate "2020.10.24"]
[EventType "tourn (corr)"]
[EventRounds "6"]
[EventCountry "GER"]
[SourceTitle "Corr 2022"]
[Source "ChessBase"]
[SourceDate "2021.10.24"]
[SourceVersion "1"]
[SourceVersionDate "2021.10.24"]
[SourceQuality "1"]

1. e4 e5 2. Nf3 Nc6 3. d4 exd4 4. Nxd4 Nf6 5. Nc3 Bb4 6. Nxc6 bxc6 7. Bd3 d5 8. 0-0 Bxc3 9. bxc3 dxe4 10. Bc4 0-0 11. Ba3 Bg4 12. Qxd8 Rfxd8 13. Rab1 Nd5 14. Rb7 Bc8 15. Rb3 Nb6 16. Be2 Be6 17. Rb2 Rd2 18. Rd1 Rxe2 19. f3 Nc4 20. Rb7 Nxa3 21. Rxa7 Re8 22. Rxa3 exf3 23. gxf3 Bh3 24. c4 Rxc2 25. Rad3 Rxa2 26. Rd8 Kf8 27. R8d4 Ree2 28. Re4 Rxe4 0-1